Climates : (Record no. 12740)

000 -LEADER
fixed length control field 00607cam a2200181 i 4500
003 - CONTROL NUMBER IDENTIFIER
control field OSt
005 - DATE AND TIME OF LATEST TRANSACTION
control field 20240705182423.0
008 - FIXED-LENGTH DATA ELEMENTS--GENERAL INFORMATION
fixed length control field 160401s2016 nyu b 000 0 eng
020 ## - INTERNATIONAL STANDARD BOOK NUMBER
International Standard Book Number 9783037784945 (alk. paper)
042 ## - AUTHENTICATION CODE
Authentication code pcc
082 00 - DEWEY DECIMAL CLASSIFICATION NUMBER
Classification number 720/.47
Edition number 23
245 00 - TITLE STATEMENT
Title Climates :
Remainder of title architecture and the planetary imaginary /
Statement of responsibility, etc James Graham, editor with Caitlin Blanchfield, managing editor.
300 ## - PHYSICAL DESCRIPTION
Extent 371 pages
Dimensions 24 cm
504 ## - BIBLIOGRAPHY, ETC. NOTE
Bibliography, etc Includes bibliographical references.
505 0# - FORMATTED CONTENTS NOTE
Formatted contents note Earths -- Political ecologies -- Corporealities -- Enclosures.
650 #0 - SUBJECT ADDED ENTRY--TOPICAL TERM
Topical term or geographic name as entry element Architecture and climate.
942 ## - ADDED ENTRY ELEMENTS (KOHA)
Source of classification or shelving scheme
Holdings
Withdrawn status Lost status Source of classification or shelving scheme Damaged status Koha normalized classification for sorting Not for loan Permanent location Current location Date acquired Source of acquisition Cost, normal purchase price Full call number Barcode Date last seen Cost, replacement price Price effective from Koha item type
        720_000000000000000__47   BMS College of Architecture, Design and Planning BMS College of Architecture, Design and Planning 2024-07-05 1 2312.10 720/.47 AR-UG3945 2024-07-05 3082.80 2024-07-05 B.PLAN
Copyright © 2025, The Librarian, Library and Information Centre, BMSCA D&P, Bengaluru. All Rights Reserved
web counter

Powered by Koha